Ingeniería mecánica: estática

Збережено в:
Бібліографічні деталі
Автор: Hibbeler, Russell C (Автор)
Формат: Книга
Мова:Іспанська
Опубліковано: Ciudad de México Prentice Hall Hispanoamericana 1996
Предмети:
Теги: Додати тег
Немає тегів, Будьте першим, хто поставить тег для цього запису!

MARC

LEADER 00000nam a2200000 a 4500
001 UCU9148
003 CL-VaPUC
008 960809e19960000MX |||||||||||||||||spa|d
020 |a 9688806013 
082 0 4 |a 620.1  |b HIB  |2 21 
100 |a Hibbeler, Russell C  |e author  |9 591026 
245 1 0 |a Ingeniería mecánica: estática 
300 |a 574 p 
942 |c BK 
945 |d 19960809 00:00:00  |a nastorga 
260 |a Ciudad de México  |b Prentice Hall Hispanoamericana  |c 1996 
500 |a Incluye diskette 
650 0 |a Ingeniería mecánica   |9 262089 
650 0 |a Estática  |9 260452 
650 0 |a Mecánica   |9 260096 
650 0 |a Vectores  |9 317184 
650 0 |a Equilibrio  |9 362780 
650 0 |a Movimiento  |9 322237 
650 7 |a FUERZAS  |2 CL-VaPUC  |9 360776 
650 7 |a FRICCION  |2 CL-VaPUC  |9 346652 
650 7 |a INERCIA  |2 CL-VaPUC  |9 344732 
650 0 |a Trabajo  |9 313876 
583 |a last modification  |c 20121221 08:17:57  |k Rodrigo Vera 
999 |c 251024  |d 251022 
952 |0 0  |1 0  |4 0  |6 620_100000000000000_HIB_1996  |7 0  |8 R  |9 269936  |a BIBMEC  |b BIBMEC  |d 2019-11-19  |i 3219666  |l 1  |o 620.1 HIB 1996  |p 3219666  |r 2024-01-19  |s 2022-08-30  |w 2019-11-19  |y BK_R  |k MEC 
952 |0 0  |1 0  |4 0  |6 620_100000000000000_HIB_1996  |7 0  |8 R  |9 269937  |a BIBMEC  |b BIBMEC  |d 2019-11-19  |i 3219674  |o 620.1 HIB 1996  |p 3219674  |r 2024-01-19  |w 2019-11-19  |y BK_R  |k MEC 
952 |0 0  |1 0  |4 0  |6 620_100000000000000_HIB_1996  |7 0  |8 R  |9 269938  |a BIBMEC  |b BIBMEC  |d 2019-11-19  |i 3284182  |l 3  |o 620.1 HIB 1996  |p 3284182  |r 2024-01-19  |s 2022-03-18  |w 2019-11-19  |y BK_R  |k MEC 
952 |0 0  |1 0  |4 0  |6 620_100000000000000_HIB_1996  |7 0  |8 R  |9 269939  |a BIBMEC  |b BIBMEC  |d 2019-11-19  |i 3286509  |l 4  |m 1  |o 620.1 HIB 1996  |p 3286509  |r 2024-01-19  |s 2023-04-26  |w 2019-11-19  |y BK_R  |k MEC 
952 |0 0  |1 0  |4 0  |6 620_100000000000000_HIB_1996  |7 0  |8 R  |9 269940  |a BIBMEC  |b BIBMEC  |d 2019-11-19  |i 3464725  |o 620.1 HIB 1996  |p 3464725  |r 2024-01-19  |w 2019-11-19  |y BK_R  |k MEC 
952 |0 0  |1 0  |4 0  |6 620_100000000000000_HIB_1996  |7 0  |8 R  |9 269941  |a BIBMEC  |b BIBMEC  |d 2019-11-19  |i 3650448  |o 620.1 HIB 1996  |p 3650448  |r 2024-01-19  |w 2019-11-19  |y BK_R  |k MEC